[Event "Bay Area op"]
[Site "Santa Clara"]
[Date "2014.01.08"]
[Round "9"]
[White "Lobo, Richard"]
[Black "Iyengar, Udit"]
[Result "1/2-1/2"]
[WhiteElo "2242"]
[BlackElo "2031"]
[PlyCount "81"]
[EventDate "2014.01.02"]
[EventType "swiss"]
[EventRounds "9"]
[EventCountry "USA"]
[SourceTitle "CBM 158 Extra"]
[Source "ChessBase"]
[SourceDate "2014.02.28"]
[SourceVersion "1"]
[SourceVersionDate "2014.02.28"]
[SourceQuality "1"]

1. Nf3 d5 2. g3 Nf6 3. Bg2 g6 4. b3 Bg7 5. Bb2 0-0 6. 0-0 c5 7. e3 Nc6 8. d4 b6 9. c4 Bb7 10. Qe2 Qc7 11. dxc5 bxc5 12. cxd5 Nb4 13. Nbd2 Nbxd5 14. Rfc1 Rac8 15. Be5 Qd7 16. a3 Qe6 17. Qc4 Ba6 18. Qc2 h6 19. Qb2 Rfd8 20. Nc4 Nb6 21. Nfd2 Ne8 22. Bxg7 Nxg7 23. Rc2 Rb8 24. Na5 Rdc8 25. Qc1 Nd7 26. Bf1 Bxf1 27. Qxf1 Ne5 28. Nac4 Nf5 29. Rac1 h5 30. h4 Nd6 31. Nxe5 Qxe5 32. Qd3 Nf5 33. Qc3 Qe6 34. Qc4 Qe5 35. Nf3 Qf6 36. Qc3 Qe6 37. Nd2 Nd6 38. Qd3 Rd8 39. Qa6 Qg4 40. Qf1 Ne4 41. Nxe4 1/2-1/2

[Event "Bay Area op"]
[Site "Santa Clara"]
[Date "2014.01.05"]
[Round "6"]
[White "Lobo, Richard"]
[Black "Bryant, John Daniel"]
[Result "0-1"]
[WhiteElo "2242"]
[BlackElo "2410"]
[PlyCount "52"]
[EventDate "2014.01.02"]
[EventType "swiss"]
[EventRounds "9"]
[EventCountry "USA"]
[SourceTitle "CBM 158 Extra"]
[Source "ChessBase"]
[SourceDate "2014.02.28"]
[SourceVersion "1"]
[SourceVersionDate "2014.02.28"]
[SourceQuality "1"]

1. c4 e5 2. Nc3 Nf6 3. Nf3 Nc6 4. g3 d5 5. cxd5 Nxd5 6. d3 Nb6 7. Bg2 Be7 8. 0-0 0-0 9. a3 Re8 10. b4 Bf8 11. Bb2 a5 12. b5 Nd4 13. Nd2 a4 14. e3 Ne6 15. Nf3 Nc5 16. d4 Nb3 17. Nxa4 Nxa1 18. Nxb6 cxb6 19. Nxe5 Rxe5 20. dxe5 Qxd1 21. Rxd1 Nb3 22. Rd8 Nc5 23. f4 Ne6 24. Re8 f5 25. Bxb7 Bxb7 26. Rxe6 Bc5 0-1

[Event "Bay Area op"]
[Site "Santa Clara"]
[Date "2014.01.04"]
[Round "4"]
[White "Lobo, Richard"]
[Black "Taghizadeh, Rayan"]
[Result "1/2-1/2"]
[WhiteElo "2242"]
[BlackElo "1967"]
[PlyCount "98"]
[EventDate "2014.01.02"]
[EventType "swiss"]
[EventRounds "9"]
[EventCountry "USA"]
[SourceTitle "CBM 158 Extra"]
[Source "ChessBase"]
[SourceDate "2014.02.28"]
[SourceVersion "1"]
[SourceVersionDate "2014.02.28"]
[SourceQuality "1"]

1. Nf3 Nf6 2. g3 b6 3. Bg2 Bb7 4. d3 e6 5. e4 d6 6. 0-0 Be7 7. Nbd2 0-0 8. Qe2 c5 9. c3 Nc6 10. Re1 Rc8 11. Nf1 Ba6 12. h3 Ne5 13. Rd1 Qc7 14. N1h2 Rfd8 15. Nxe5 dxe5 16. Nf3 Rd7 17. b3 Bd6 18. Bb2 Re7 19. Rac1 Rd8 20. Qe3 Red7 21. d4 c4 22. Nd2 b5 23. Bf1 Qa5 24. Ra1 Qb6 25. bxc4 bxc4 26. Rab1 Qc7 27. Ba1 h6 28. Rdc1 Qc6 29. Re1 Qa4 30. Nf3 Qa5 31. Rbc1 Rc7 32. Red1 Rcd7 33. Re1 Bc7 34. Qe2 Bb7 35. Qc2 Ba6 36. Rb1 Kh8 37. Nd2 Bb6 38. Nf3 Bc7 39. Rbc1 Kg8 40. Rcd1 Bb5 41. Rb1 a6 42. Nd2 exd4 43. cxd4 Bb6 44. Bxc4 Ba4 45. Bb3 Bxd4 46. Bxd4 Rxd4 47. Nf3 Bxb3 48. Rxb3 Ra4 49. Re2 Ra3 1/2-1/2

[Event "San Francisco Smyslov Memorial"]
[Site "San Francisco"]
[Date "2010.??.??"]
[Round "3"]
[White "Naroditsky, Daniel"]
[Black "Lobo, Richard"]
[Result "1-0"]
[WhiteElo "2381"]
[BlackElo "2251"]
[PlyCount "63"]
[EventDate "2010.06.15"]
[EventType "tourn"]
[EventRounds "9"]
[EventCountry "USA"]
[EventCategory "3"]
[SourceTitle "EXT 2011"]
[Source "ChessBase"]
[SourceDate "2010.11.26"]
[SourceVersion "1"]
[SourceVersionDate "2010.11.26"]
[SourceQuality "1"]

1. e4 c5 2. Nf3 d6 3. d4 cxd4 4. Nxd4 Nf6 5. Nc3 Nc6 6. Be2 e6 7. 0-0 Be7 8. Be3 0-0 9. f4 Bd7 10. Nb3 Qc7 11. g4 Bc8 12. g5 Nd7 13. Qe1 Re8 14. Qh4 a6 15. Rf3 b5 16. f5 b4 17. fxe6 fxe6 18. Rh3 Nf8 19. Bh5 Ne5 20. Bxe8 bxc3 21. bxc3 Bb7 22. Bh5 a5 23. Nd4 g6 24. Be2 Bc8 25. Rf1 h5 26. Bxh5 gxh5 27. Qxh5 Neg6 28. Rxf8+ Nxf8 29. Qh8+ Kf7 30. g6+ Ke8 31. g7 Qxc3 32. gxf8Q+ 1-0

[Event "BCF-chT4 0607 (4NCL)"]
[Site "Sunningdale"]
[Date "2007.03.25"]
[Round "8.142"]
[White "Lobo, Richard"]
[Black "Fenwick, Hugh"]
[Result "1-0"]
[WhiteElo "1935"]
[BlackElo "2035"]
[PlyCount "71"]
[EventDate "2006.09.16"]
[EventType "team"]
[EventRounds "11"]
[EventCountry "ENG"]
[SourceTitle "EXT 2008"]
[Source "ChessBase"]
[SourceDate "2007.11.25"]
[SourceVersion "1"]
[SourceVersionDate "2007.11.25"]
[SourceQuality "1"]
[WhiteTeam "Pontypridd"]
[BlackTeam "Addlestone"]
[WhiteTeamCountry "ENG"]
[BlackTeamCountry "ENG"]

1. e4 Nf6 2. e5 Nd5 3. c4 Nb6 4. d4 d6 5. exd6 exd6 6. Nf3 Be7 7. Be2 0-0 8. 0-0 Be6 9. b3 Bf6 10. Bb2 Bg4 11. Nc3 Nc6 12. Ne4 d5 13. Nxf6+ Qxf6 14. c5 Nd7 15. h3 Bf5 16. Qd2 Rfe8 17. Rae1 Re7 18. b4 a6 19. Bd1 Rae8 20. Bb3 Rxe1 21. Rxe1 Rxe1+ 22. Qxe1 Qe7 23. Bxd5 Qxe1+ 24. Nxe1 Nxb4 25. Bxb7 Nb8 26. a3 Nd3 27. Nxd3 Bxd3 28. d5 f6 29. Bc3 Nd7 30. Bd4 Bc4 31. c6 Nf8 32. d6 Ne6 33. dxc7 Nxc7 34. Bb6 Nd5 35. Bd8 Kf7 36. c7 1-0

[Event "BCF-chT4 0607 (4NCL)"]
[Site "Sunningdale"]
[Date "2007.03.24"]
[Round "7.142"]
[White "Messam Sparks, Lateefah"]
[Black "Lobo, Richard"]
[Result "1-0"]
[WhiteElo "1855"]
[BlackElo "1935"]
[PlyCount "79"]
[EventDate "2006.09.16"]
[EventType "team"]
[EventRounds "11"]
[EventCountry "ENG"]
[SourceTitle "EXT 2008"]
[Source "ChessBase"]
[SourceDate "2007.11.25"]
[SourceVersion "1"]
[SourceVersionDate "2007.11.25"]
[SourceQuality "1"]
[WhiteTeam "Oxford III"]
[BlackTeam "Pontypridd"]
[WhiteTeamCountry "ENG"]
[BlackTeamCountry "ENG"]

1. e4 c5 2. Nf3 d6 3. Bc4 Nf6 4. Nc3 Nc6 5. h3 e6 6. d3 Be7 7. 0-0 0-0 8. Bf4 d5 9. exd5 exd5 10. Bb3 b6 11. d4 c4 12. Ba4 Na5 13. Ne2 a6 14. c3 Bf5 15. Bc2 Bxc2 16. Qxc2 Re8 17. Rfe1 b5 18. Ng3 Qb6 19. Be5 b4 20. Nf5 Bd8 21. Nd6 Rf8 22. Ng5 h6 23. Bxf6 hxg5 24. Bxd8 Rfxd8 25. Nf5 b3 26. axb3 Nxb3 27. Rad1 g6 28. Nh6+ Kg7 29. Ng4 Re8 30. Re5 Rxe5 31. dxe5 Qc6 32. Ne3 Rd8 33. Qe2 Rd7 34. Qf3 Kg8 35. Nxd5 Kf8 36. Nf6 Rxd1+ 37. Qxd1 Ke7 38. Qg4 Nc5 39. Qxc4 Kf8 40. b4 1-0

[Event "GBR-ch op"]
[Site "Swansea"]
[Date "2006.08.15"]
[Round "8.58"]
[White "Lobo, Richard"]
[Black "Fraser, Joe"]
[Result "0-1"]
[WhiteElo "2261"]
[BlackElo "1989"]
[PlyCount "74"]
[EventDate "2006.08.06"]
[EventType "swiss"]
[EventRounds "11"]
[EventCountry "WLS"]
[SourceTitle "CBM 113 Extra"]
[Source "ChessBase"]
[SourceDate "2006.09.14"]
[SourceVersion "1"]
[SourceVersionDate "2006.09.14"]
[SourceQuality "1"]

1. e4 e5 2. f4 exf4 3. Bc4 Qh4+ 4. Kf1 d6 5. Nf3 Qh5 6. d4 Bg4 7. Bxf4 Nc6 8. Kf2 0-0-0 9. h3 Bxf3 10. gxf3 Be7 11. Nc3 Bh4+ 12. Kg2 Nge7 13. Rg1 f5 14. Qd3 Kb8 15. Be3 Bf6 16. Ne2 fxe4 17. fxe4 d5 18. exd5 Nxd5 19. Bf2 Rhe8 20. Kh2 Ndb4 21. Qb3 Rxe2 22. Bxe2 Qxe2 23. Rg2 Qxc2 24. d5 Qxb3 25. axb3 Nxd5 26. Bg3 h5 27. h4 Ne3 28. Re2 Nf5 29. Rae1 b6 30. Re8 Rxe8 31. Rxe8+ Kb7 32. Rf8 Ncd4 33. Rf7 Nxg3 34. Kxg3 Nf5+ 35. Kh3 a5 36. Rd7 Nxh4 37. Rf7 Nf5 0-1

[Event "GBR-ch op"]
[Site "Swansea"]
[Date "2006.08.08"]
[Round "2.54"]
[White "Wise, David M"]
[Black "Lobo, Richard"]
[Result "1-0"]
[WhiteElo "2196"]
[BlackElo "2261"]
[PlyCount "97"]
[EventDate "2006.08.06"]
[EventType "swiss"]
[EventRounds "11"]
[EventCountry "WLS"]
[SourceTitle "CBM 113 Extra"]
[Source "ChessBase"]
[SourceDate "2006.09.14"]
[SourceVersion "1"]
[SourceVersionDate "2006.09.14"]
[SourceQuality "1"]

1. d4 Nf6 2. c4 g6 3. Nc3 Bg7 4. e4 d6 5. Nf3 0-0 6. Be2 Nc6 7. d5 Nb8 8. 0-0 e5 9. Bg5 h6 10. Bh4 g5 11. Bg3 Nh5 12. Nd2 Nf4 13. Bg4 Bxg4 14. Qxg4 h5 15. Qf5 Ng6 16. h3 Nd7 17. Rfd1 Bh6 18. Nf1 Ne7 19. Qf3 h4 20. Bh2 f5 21. Ne3 fxe4 22. Qh5 Kg7 23. Nxe4 Nf6 24. Nxf6 Rxf6 25. Ng4 Rg6 26. Nxh6 Rxh6 27. Qxg5+ Kh7 28. f4 Qd7 29. fxe5 Rg8 30. e6 Qxe6 31. dxe6 Rxg5 32. Bf4 Rgg6 33. Bxh6 Kxh6 34. Re1 Kg7 35. Re4 Rh6 36. Rf1 Rf6 37. Rxf6 Kxf6 38. Rxh4 Kxe6 39. Re4+ Kf6 40. Rxe7 Kxe7 41. Kf2 Kf6 42. Ke3 c6 43. Ke4 a6 44. h4 b5 45. cxb5 axb5 46. a3 d5+ 47. Kd4 Kf5 48. h5 Kg5 49. g4 1-0

[Event "Berkeley Masters op"]
[Site "Berkeley"]
[Date "2005.12.17"]
[Round "1"]
[White "Lobo, Richard"]
[Black "Shivaji, Shivkuma"]
[Result "1/2-1/2"]
[WhiteElo "2263"]
[BlackElo "2299"]
[PlyCount "68"]
[EventDate "2005.12.17"]
[EventType "swiss"]
[EventRounds "9"]
[EventCountry "USA"]
[SourceTitle "CBM 109 Extra"]
[Source "ChessBase"]
[SourceDate "2006.01.03"]
[SourceVersion "2"]
[SourceVersionDate "2006.01.03"]
[SourceQuality "1"]

1. Nf3 Nf6 2. c4 c5 3. g3 d5 4. cxd5 Nxd5 5. Bg2 g6 6. d4 Bg7 7. e4 Nb6 8. d5 0-0 9. Nc3 e6 10. 0-0 exd5 11. exd5 N8d7 12. Re1 Nc4 13. a4 Qa5 14. Qc2 Ndb6 15. Nh4 Bd7 16. Bf4 Nxb2 17. Nb5 N2xa4 18. Nc7 Bxa1 19. Rxa1 Qc3 20. Qd1 Qd4 21. Qf1 Rac8 22. Rd1 Qf6 23. Nf3 Bg4 24. Rd3 Nb2 25. Be5 Qd8 26. Bxb2 Bxf3 27. Bxf3 Rxc7 28. Qc1 f6 29. d6 Rcf7 30. Qxc5 Na4 31. Qa3 Nxb2 32. Qxb2 Kg7 33. h4 Rd7 34. Qd4 Qb6 1/2-1/2

[Event "BCF-ch Major 92nd"]
[Site "Douglas"]
[Date "2005.08.11"]
[Round "10"]
[White "Kumar, Vedantha"]
[Black "Lobo, Richard"]
[Result "1-0"]
[WhiteElo "1824"]
[BlackElo "1886"]
[PlyCount "75"]
[EventDate "2005.08.01"]
[EventType "swiss"]
[EventRounds "11"]
[EventCountry "ENG"]
[SourceTitle "EXT 2006"]
[Source "ChessBase"]
[SourceDate "2005.11.24"]
[SourceVersion "1"]
[SourceVersionDate "2005.11.24"]
[SourceQuality "1"]

1. e4 c5 2. Nc3 Nc6 3. f4 g6 4. Nf3 Bg7 5. Bb5 Nd4 6. 0-0 a6 7. Be2 e6 8. f5 Ne7 9. fxe6 dxe6 10. d3 0-0 11. Bg5 f6 12. Bh4 Nec6 13. Kh1 Qc7 14. Bg3 Qa5 15. Nd2 Nxe2 16. Nxe2 e5 17. Nb3 Qc7 18. Nxc5 Nb4 19. d4 b6 20. Nd3 Nxd3 21. Qxd3 Bb7 22. Nc3 Rad8 23. Rad1 Qe7 24. Qc4+ Qf7 25. Qxf7+ Rxf7 26. dxe5 Rxd1 27. Rxd1 fxe5 28. h3 h5 29. Rd8+ Kh7 30. Re8 Bc6 31. Re6 Bd7 32. Rxb6 Bh6 33. Bxe5 Rf1+ 34. Kh2 h4 35. Rf6 Bf5 36. exf5 Be3 37. fxg6+ Kg8 38. Rxf1 1-0

[Event "BCF-ch Major 92nd"]
[Site "Douglas"]
[Date "2005.08.03"]
[Round "3"]
[White "Constantinou, Peter"]
[Black "Lobo, Richard"]
[Result "1/2-1/2"]
[WhiteElo "2128"]
[BlackElo "1886"]
[PlyCount "49"]
[EventDate "2005.08.01"]
[EventType "swiss"]
[EventRounds "11"]
[EventCountry "ENG"]
[SourceTitle "EXT 2006"]
[Source "ChessBase"]
[SourceDate "2005.11.24"]
[SourceVersion "1"]
[SourceVersionDate "2005.11.24"]
[SourceQuality "1"]

1. Nf3 Nf6 2. g3 g6 3. Bg2 Bg7 4. 0-0 0-0 5. c4 d6 6. Nc3 e5 7. d3 Nc6 8. Bg5 Ne7 9. Rb1 Rb8 10. b4 h6 11. Bxf6 Bxf6 12. b5 Be6 13. Qc2 Qd7 14. Rfe1 c6 15. bxc6 bxc6 16. Qa4 Bg7 17. Nd2 f5 18. Nb3 Qc7 19. Qa5 Qxa5 20. Nxa5 e4 21. Nd1 exd3 22. exd3 d5 23. cxd5 Bxd5 24. Nb3 Rfd8 25. Bf1 1/2-1/2

[Event "BCF-ch Major 92nd"]
[Site "Douglas"]
[Date "2005.08.01"]
[Round "1"]
[White "Garnett, John S"]
[Black "Lobo, Richard"]
[Result "1/2-1/2"]
[WhiteElo "2076"]
[BlackElo "1886"]
[PlyCount "127"]
[EventDate "2005.08.01"]
[EventType "swiss"]
[EventRounds "11"]
[EventCountry "ENG"]
[SourceTitle "EXT 2006"]
[Source "ChessBase"]
[SourceDate "2005.11.24"]
[SourceVersion "1"]
[SourceVersionDate "2005.11.24"]
[SourceQuality "1"]

1. c4 Nf6 2. g3 g6 3. Bg2 Bg7 4. Nc3 d6 5. Nf3 0-0 6. 0-0 Nc6 7. d4 e5 8. dxe5 dxe5 9. Qxd8 Rxd8 10. Bg5 Re8 11. Rad1 Be6 12. b3 h6 13. Bc1 Nd7 14. Nb5 Rac8 15. Nd2 Ndb8 16. Ne4 a6 17. Nbc3 Nd7 18. Na4 Nd8 19. Nac5 Nxc5 20. Nxc5 c6 21. Nxe6 Nxe6 22. Bh3 f5 23. e4 Nd4 24. exf5 gxf5 25. Bb2 Rcd8 26. Kg2 Kf7 27. Rd2 Kg6 28. Rfd1 c5 29. Kf1 Bf6 30. Bg2 e4 31. b4 b6 32. bxc5 bxc5 33. Ba3 Rc8 34. Rb1 e3 35. fxe3 Rxe3 36. Bb2 Rb8 37. Rdd1 Re6 38. Ba3 Rbe8 39. Bxc5 Nc2 40. Rd2 Ne3+ 41. Bxe3 Rxe3 42. c5 Rc3 43. c6 Re5 44. Bd5 Rc5 45. Bf3 Re3 46. Rb3 Rcc3 47. Rxc3 Rxc3 48. Ke2 Be5 49. Bd5 Kf6 50. Kd1 Rc5 51. Bg2 a5 52. Rc2 Rxc2 53. Kxc2 Ke7 54. Kd3 Bc7 55. Kc4 Kd6 56. Kb5 Ke7 57. a4 Kd8 58. Bh3 f4 59. gxf4 Bxf4 60. Kxa5 Kc7 61. Bg2 Bxh2 62. Kb5 Bg1 63. a5 h5 64. Kc4 1/2-1/2

[Event "BCF-chT4b 0405 (4NCL)"]
[Site "Telford"]
[Date "2005.02.26"]
[Round "5.5"]
[White "Lobo, Richard"]
[Black "Hall, Daniel"]
[Result "0-1"]
[WhiteElo "1914"]
[BlackElo "2053"]
[PlyCount "134"]
[EventDate "2004.11.06"]
[EventType "team"]
[EventRounds "11"]
[EventCountry "ENG"]
[SourceTitle "EXT 2006"]
[Source "ChessBase"]
[SourceDate "2005.11.24"]
[SourceVersion "1"]
[SourceVersionDate "2005.11.24"]
[SourceQuality "1"]
[WhiteTeam "Pontypridd"]
[BlackTeam "Brown Jack"]
[WhiteTeamCountry "ENG"]
[BlackTeamCountry "ENG"]

1. e4 d5 2. exd5 Nf6 3. Nf3 Qxd5 4. d4 Bg4 5. Be2 Nc6 6. 0-0 0-0-0 7. c3 e5 8. c4 Qd7 9. d5 Bxf3 10. Bxf3 Nd4 11. Nc3 Qf5 12. Be2 Nxe2+ 13. Qxe2 Qh5 14. Qc2 Bc5 15. a3 Rhe8 16. b4 Bd4 17. Bb2 a6 18. Rad1 Rd6 19. h3 Rdd8 20. a4 Qg6 21. Qb3 Nh5 22. Bc1 Ng3 23. Rfe1 Nf5 24. Ne4 Nh4 25. Bg5 Nxg2 26. Kxg2 h6 27. Qg3 hxg5 28. Qxg5 Qxg5+ 29. Nxg5 Bc3 30. Nxf7 Bxe1 31. Nxd8 Bxb4 32. Ne6 Re7 33. Rd3 Kd7 34. Rg3 Kd6 35. Nxg7 Kc5 36. Rg4 e4 37. Ne6+ Kxc4 38. Rxe4+ Kxd5 39. Rxb4 Rxe6 40. Rxb7 Kc6 41. Rb4 Kd5 42. Rg4 c5 43. h4 c4 44. Rg8 c3 45. Rd8+ Rd6 46. Rc8 Rc6 47. Rd8+ Kc4 48. Rd1 c2 49. Rc1 Kd3 50. h5 Kd2 51. Rh1 c1Q 52. Rxc1 Rxc1 53. Kf3 Rg1 54. Kf4 Ke2 55. Kf5 Kxf2 56. h6 Ke3 57. h7 Rh1 58. Kg6 Kd4 59. Kg7 Kc4 60. h8Q Rxh8 61. Kxh8 Kb4 62. Kg7 Kxa4 63. Kf6 Kb3 64. Ke5 a5 65. Kd4 a4 66. Kd3 a3 67. Kd2 a2 0-1

[Event "BCF-chT4b 0405 (4NCL)"]
[Site "Telford"]
[Date "2005.01.16"]
[Round "4.5"]
[White "Syed, Nayeem"]
[Black "Lobo, Richard"]
[Result "1/2-1/2"]
[WhiteElo "1950"]
[BlackElo "1914"]
[PlyCount "72"]
[EventDate "2004.11.06"]
[EventType "team"]
[EventRounds "11"]
[EventCountry "ENG"]
[SourceTitle "EXT 2006"]
[Source "ChessBase"]
[SourceDate "2005.11.24"]
[SourceVersion "1"]
[SourceVersionDate "2005.11.24"]
[SourceQuality "1"]
[WhiteTeam "Metropolitan"]
[BlackTeam "Pontypridd"]
[WhiteTeamCountry "ENG"]
[BlackTeamCountry "ENG"]

1. b4 Nf6 2. Bb2 e6 3. a3 d5 4. e3 Nbd7 5. c4 c6 6. Nf3 b6 7. Qc2 Bb7 8. Nc3 Be7 9. Be2 Qc7 10. Rc1 Rc8 11. Qb3 Qb8 12. Nd4 dxc4 13. Bxc4 0-0 14. 0-0 c5 15. Nde2 cxb4 16. axb4 Ne5 17. d3 Nfg4 18. Ng3 h5 19. h3 Nxc4 20. hxg4 Nd2 21. Qa4 Nxf1 22. Rxf1 Bf6 23. Qa1 hxg4 24. Nh5 Bxc3 25. Bxc3 f6 26. Bxf6 gxf6 27. Nxf6+ Kf7 28. Nd7 Qd6 29. Qf6+ Ke8 30. Nxf8 Qxf8 31. Qxe6+ Kd8 32. Qxg4 Rc7 33. Ra1 Ba8 34. Qd4+ Rd7 35. Qh4+ Kc8 36. Qh3 Kd8 1/2-1/2

[Event "BCF-chT4b 0405 (4NCL)"]
[Site "Telford"]
[Date "2005.01.15"]
[Round "3.5"]
[White "Lobo, Richard"]
[Black "McCarthy, Kevin"]
[Result "1-0"]
[WhiteElo "1914"]
[BlackElo "2065"]
[PlyCount "69"]
[EventDate "2004.11.06"]
[EventType "team"]
[EventRounds "11"]
[EventCountry "ENG"]
[SourceTitle "EXT 2006"]
[Source "ChessBase"]
[SourceDate "2005.11.24"]
[SourceVersion "1"]
[SourceVersionDate "2005.11.24"]
[SourceQuality "1"]
[WhiteTeam "Pontypridd"]
[BlackTeam "Slough III"]
[WhiteTeamCountry "ENG"]
[BlackTeamCountry "ENG"]

1. e4 e6 2. d4 d5 3. e5 c5 4. c3 Nc6 5. Be3 Qb6 6. Qd2 cxd4 7. cxd4 Nge7 8. Bd3 Nb4 9. Be2 Nf5 10. g4 Nxe3 11. fxe3 Bd7 12. a3 Qa5 13. Nc3 a6 14. Nf3 Nc6 15. 0-0 b5 16. b4 Qd8 17. e4 dxe4 18. Nxe4 Be7 19. g5 Bc8 20. Qf4 Bb7 21. Rad1 f5 22. gxf6 gxf6 23. exf6 Rf8 24. Nfg5 Qd5 25. Bh5+ Kd7 26. Nc5+ Kc8 27. Ncxe6 Bd6 28. Qe4 Qa2 29. Rf2 Qb3 30. Nxf8 Bxf8 31. Bg4+ Kb8 32. d5 Bc8 33. dxc6 Bxg4 34. Qxg4 Ra7 35. Rd8+ 1-0

[Event "San Francisco Franett Memorial"]
[Site "San Francisco"]
[Date "2005.01.12"]
[Round "11"]
[White "De Guzman, Ricardo"]
[Black "Lobo, Richard"]
[Result "1-0"]
[WhiteElo "2407"]
[BlackElo "2223"]
[PlyCount "49"]
[EventDate "2005.01.02"]
[EventType "tourn"]
[EventRounds "11"]
[EventCountry "USA"]
[EventCategory "3"]
[SourceTitle "CBM 104 Extra"]
[Source "ChessBase"]
[SourceDate "2005.03.01"]
[SourceVersion "1"]
[SourceVersionDate "2005.03.01"]
[SourceQuality "1"]

1. d4 Nf6 2. Nf3 g6 3. Bg5 Bg7 4. Nbd2 0-0 5. c3 d6 6. e4 Nc6 7. Bb5 Bd7 8. 0-0 h6 9. Bh4 g5 10. Bg3 Nh5 11. Re1 Nxg3 12. hxg3 e6 13. Bd3 g4 14. Nh2 h5 15. Ndf1 f5 16. exf5 exf5 17. Ne3 f4 18. gxf4 Rxf4 19. g3 Rf8 20. Qb3+ Kh8 21. Qd5 Be5 22. Qe4 Qe7 23. dxe5 Nxe5 24. Nc4 Bf5 25. Qe3 1-0

[Event "San Francisco Franett Memorial"]
[Site "San Francisco"]
[Date "2005.01.04"]
[Round "3"]
[White "Lobo, Richard"]
[Black "Thornally, Frank"]
[Result "1-0"]
[WhiteElo "2223"]
[BlackElo "2261"]
[PlyCount "67"]
[EventDate "2005.01.02"]
[EventType "tourn"]
[EventRounds "11"]
[EventCountry "USA"]
[EventCategory "3"]
[SourceTitle "CBM 104 Extra"]
[Source "ChessBase"]
[SourceDate "2005.03.01"]
[SourceVersion "1"]
[SourceVersionDate "2005.03.01"]
[SourceQuality "1"]

1. c4 e6 2. Nf3 d5 3. g3 Nf6 4. Bg2 c5 5. 0-0 Nc6 6. cxd5 exd5 7. d4 Be7 8. Nc3 0-0 9. dxc5 Bxc5 10. Bg5 d4 11. Bxf6 Qxf6 12. Nd5 Qd8 13. Nd2 Re8 14. Rc1 Bb6 15. Nc4 Bg4 16. Re1 Ba5 17. Nxa5 Qxa5 18. a3 Rad8 19. Nf4 Qb5 20. Nd3 Rd6 21. h3 Be6 22. b4 Red8 23. a4 Qg5 24. Rc5 Qe7 25. Qd2 Bd5 26. Bxd5 Rxd5 27. Rec1 h6 28. b5 Rxc5 29. Rxc5 Na5 30. Qc2 g6 31. h4 h5 32. Nf4 b6 33. Rc7 Rd7 34. Nd5 1-0

[Event "San Francisco Franett Memorial"]
[Site "San Francisco"]
[Date "2005.01.02"]
[Round "1"]
[White "Lobo, Richard"]
[Black "Ho, Matthew"]
[Result "1/2-1/2"]
[WhiteElo "2223"]
[BlackElo "2260"]
[PlyCount "62"]
[EventDate "2005.01.02"]
[EventType "tourn"]
[EventRounds "11"]
[EventCountry "USA"]
[EventCategory "3"]
[SourceTitle "CBM 104 Extra"]
[Source "ChessBase"]
[SourceDate "2005.03.01"]
[SourceVersion "1"]
[SourceVersionDate "2005.03.01"]
[SourceQuality "1"]

1. e4 e5 2. Nf3 Nc6 3. Bb5 a6 4. Ba4 Nf6 5. 0-0 Nxe4 6. d4 b5 7. Bb3 d5 8. dxe5 Be6 9. Be3 Be7 10. Nbd2 0-0 11. h3 Nc5 12. Re1 d4 13. Bf4 Nb4 14. a3 Nd5 15. Bg3 Nxb3 16. cxb3 c5 17. b4 cxb4 18. Nxd4 bxa3 19. Nxe6 fxe6 20. bxa3 Nc3 21. Qc2 Rc8 22. Ne4 Qd4 23. Nd6 Rc5 24. Kh2 Bh4 25. Bxh4 Qxh4 26. g3 Qd4 27. f4 Nd5 28. Qe2 Nxf4 29. gxf4 Qxf4+ 30. Kh1 Rxe5 31. Qxe5 Qf3+ 1/2-1/2

[Event "San Francisco Mark Pinto IM"]
[Site "San Francisco"]
[Date "2004.07.27"]
[Round "7"]
[White "Batchimeg, Tuvshintugs"]
[Black "Lobo, Richard"]
[Result "1-0"]
[WhiteElo "2169"]
[BlackElo "2277"]
[PlyCount "59"]
[EventDate "2004.07.21"]
[EventType "tourn"]
[EventRounds "11"]
[EventCountry "USA"]
[EventCategory "3"]
[SourceTitle "CBM 101 Extra"]
[Source "ChessBase"]
[SourceDate "2004.09.01"]
[SourceVersion "2"]
[SourceVersionDate "2004.09.01"]
[SourceQuality "1"]

1. e4 c5 2. Nf3 d6 3. d4 cxd4 4. Nxd4 Nf6 5. Nc3 Nc6 6. Be2 e6 7. 0-0 Be7 8. Kh1 Bd7 9. f4 Qc7 10. Be3 a6 11. Bd3 b5 12. Qf3 Nxd4 13. Bxd4 Bc6 14. Rae1 Qb7 15. Qg3 0-0 16. Bxf6 Bxf6 17. e5 dxe5 18. fxe5 Be7 19. Ne4 Kh8 20. Qh3 h6 21. Re2 Rad8 22. Nf6 Bxf6 23. exf6 Rg8 24. Rf4 Rd5 25. Rg4 h5 26. Qg3 g6 27. Rg5 Qd7 28. Ree5 Rxe5 29. Rxe5 Qd4 30. Qg5 1-0